01335nam a2200325 a 4500001001200000003000800012006001900020007001500039008004100054010001700095020003600112020003500148040002100183035002000204050002500224082001500249100002600264245012500290260005600415300001600471504006600487533015200553600006800705600002900773650001300802650002200815655002900837710001700866856012600883ebr10031902CaPaEBRm u cr cn|||||||||980720s1999 nju sb 001 0 eng  z 98030484  z0691002657 (cloth : alk. paper) z0691004463 (pbk. : alk. paper) aCaPaEBRcCaPaEBR a(OCoLC)7074776914aJC181.K4bF58 1999eb04a323.442211 aFleischacker, Samuel.12aA third concept of libertyh[electronic resource] :bjudgment and freedom in Kant and Adam Smith /cSamuel Fleischacker. aPrinceton, NJ :bPrinceton University Press,c1999. axiv, 336 p. aIncludes bibliographical references (p. [279]-327) and index. aElectronic reproduction.bPalo Alto, Calif. :cebrary,d2013.nAvailable via World Wide Web.nAccess may be limited to ebrary affiliated libraries.10aKant, Immanuel,d1724-1804xContributions in political science.10aSmith, Adam,d1723-1790. 0aLiberty. 0aJudgment (Ethics) 7aElectronic books.2local2 aebrary, Inc.40uhttp://site.ebrary.com/lib/rucke/Doc?id=10031902zAn electronic book accessible through the World Wide Web; click to view